A field guide to medicinal plants / (Record no. 18272)

000 -LEADER
fixed length control field 00611pam a2200205 a 4500
020 ## - INTERNATIONAL STANDARD BOOK NUMBER
ISBN 0812963369 (pbk.) :
040 ## - CATALOGING SOURCE
Transcribing agency DLC
082 00 - DEWEY DECIMAL CLASSIFICATION NUMBER
Classification number 581 N.Y 1984 C141 Or.
100 1# - MAIN ENTRY--AUTHOR NAME
Personal name Krochmal, Arnold,
245 12 - TITLE STATEMENT
Title A field guide to medicinal plants /
250 ## - EDITION STATEMENT
Edition statement Updated Times Books pbk. ed.
260 ## - PUBLICATION, DISTRIBUTION, ETC. (IMPRINT)
Place of publication New York, N.Y. :
Name of publisher Times Books,
Year of publication 1984.
300 ## - PHYSICAL DESCRIPTION
Number of Pages 274 p. :
Other physical details ill. ;
Dimensions 24 cm.
500 ## - GENERAL NOTE
General note Includes indexes.
650 #0 - SUBJECT ADDED ENTRY--TOPICAL TERM
Topical Term Medicinal plants
650 #0 - SUBJECT ADDED ENTRY--TOPICAL TERM
Topical Term Materia medica, Vegetable
700 1# - ADDED ENTRY--PERSONAL NAME
Personal name Krochmal, Connie.
856 42 - ELECTRONIC LOCATION AND ACCESS
Uniform Resource Identifier http://www.loc.gov/catdir/bios/random056/83040321.html
942 ## - ADDED ENTRY ELEMENTS (KOHA)
Koha item type ADB
952 ## - LOCATION AND ITEM INFORMATION (KOHA)
Withdrawn status [LOCAL, KOHA] 0
952 ## - LOCATION AND ITEM INFORMATION (KOHA)
Withdrawn status [LOCAL, KOHA] 0
Holdings
Source of acquisition Permanent Location Date acquired Koha item type Lost status Shelving location Current Location Full call number
 Library Block C2019-10-04សៀវភៅភាសាអង់គ្លេស C141Library Block C581 N.Y 1984 C141 Or.
A39344Library Block C2019-10-04សៀវភៅភាសាអង់គ្លេស C141Library Block C581 N.Y 1984 C141 Or.
មជ្ឈមណ្ឌលឯការនៃសាកលវិទ្យាល័យភូមិន្ទកសិកម្មចំការដូង

Powered by Koha